Gdzie te kluby mają siedziwe - Statystyki

Ogólne statystyki
  • Ten quiz został rozwiązany 63 razy
  • Średni wynik to 8 z 11
Statystyki odpowiedzi
Podpowiedź Odpowiedź % Poprawnych
PSG Paryż
98%
Arsenal Londyn
97%
Juventus Turyn
97%
Benfica Lizbona
93%
Feyenoord Rotterdam
85%
Olympiakos Pireus
81%
Partizan Belgrad
78%
Başakşehir Stambuł
78%
Young Boys Berno
71%
ST.Pauli Hamburg
31%
Midtjylland Herning
8%
Nie znaleziono quizów pasujących do podanych kryteriów
Rozkład punktacji
Procent ludzi z każdym wynikiem
Percentyl według liczby udzielonych odpowiedzi
Twoja historia wyników
Nie rozwiązałeś tego quizu